000 01329cam a2200289 a 4500
001 3942874
005 20020826202216.0
008 930714s1994 enka b 001 0 eng
010 _a 93028650
020 _a0521430682 (hardback)
040 _aDLC
_cDLC
_dDLC
050 0 0 _aT49.5
_b.D38 1994
082 0 0 _a608.019
_220
_bDAS
100 1 _aDasgupta, Subrata.
245 1 0 _aCreativity in invention and design :
_bComputational and cognitive explorations of technological originality /
_cSubrata Dasgupta.
260 _aEngland :
_bCambridge University Press,
_cc1994.
300 _axvi, 250 p. :
_bill. ;
_c24 cm.
504 _aIncludes bibliographical references and index.
650 0 _aCreative ability in technology.
650 0 _aCreative thinking.
650 0 _aMicroprogramming.
856 4 2 _3Publisher description
_uhttp://www.loc.gov/catdir/description/cam025/93028650.html
856 4 1 _3Table of contents
_uhttp://www.loc.gov/catdir/toc/cam028/93028650.html
942 _2ddc
_cBB
999 _c10953
_d10953